Why it pays to take the green route (Record no. 78668)
[ view plain ]
| 000 -LEADER | |
|---|---|
| fixed length control field | 01031cab a22001935a 4500 |
| 001 - CONTROL NUMBER | |
| control field | L137593 |
| 008 - FIXED-LENGTH DATA ELEMENTS--GENERAL INFORMATION | |
| fixed length control field | 070417s2007 xxk f 000 0 eng d |
| 035 ## - SYSTEM CONTROL NUMBER | |
| System control number | (Sirsi) u137593 |
| 041 0# - LANGUAGE CODE | |
| Language code of text/sound track or separate title | eng |
| 100 1# - MAIN ENTRY--PERSONAL NAME | |
| Personal name | Cooper, Stuart |
| 245 00 - TITLE STATEMENT | |
| Title | Why it pays to take the green route |
| 260 ## - PUBLICATION, DISTRIBUTION, ETC. | |
| Date of publication, distribution, etc. | 2007 |
| 490 #0 - SERIES STATEMENT | |
| Series statement | Building Engineer |
| Volume/sequential designation | 82(4) April 2007, 12-13(2) |
| 520 ## - SUMMARY, ETC. | |
| Summary, etc. | Examines the advantages and disadvantages of renewable energy. Explains the following renewables: biomass technology; ground source heat pumps; hydro electricity; solar heat and power; and wind power. Whilst micro-generation is local and people can have control over the power they generate, there are a number of potential dangers such as conflict between government departments, the risk of exaggerated selling and that the renewables sector will attract cowboys. Includes a case study of a solar system in Chesterfield. |
| 590 ## - LOCAL NOTE (RLIN) | |
| Local note | KA |
| 651 #4 - SUBJECT ADDED ENTRY--GEOGRAPHIC NAME | |
| Geographic name | United Kingdom |
| Chronological subdivision | |
| 690 ## - LOCAL SUBJECT ADDED ENTRY--TOPICAL TERM (OCLC, RLIN) | |
| Topical term or geographic name as entry element | ENVIRONMENTAL AND LAND CONSULTANCY-ENERGY-RENEWABLE ENERGY |
| 942 ## - ADDED ENTRY ELEMENTS (KOHA) | |
| Suppress in OPAC | 0 |
| Withdrawn status | Lost status | Source of classification or shelving scheme | Damaged status | Not for loan | Home library | Current library | Shelving location | Date acquired | Total Checkouts | Full call number | Barcode | Date last seen | Copy number | Price effective from | Koha item type |
|---|---|---|---|---|---|---|---|---|---|---|---|---|---|---|---|
| Dewey Decimal Classification | London | London | Journal article | 17/04/2007 | L137593 | 137593-1001 | 06/08/2019 | 1 | 06/08/2019 | Journal article |